Catálogo
 En Linea

Los burgueses / (Registro nro. 23881)

Detalles MARC
000 -CABECERA
campo de control de longitud fija 00562nam a2200193 a 4500
001 - NÚMERO DE CONTROL
campo de control 000024388
005 - FECHA Y HORA DE LA ÚLTIMA TRANSACCIÓN
campo de control 20200930022950.0
008 - DATOS DE LONGITUD FIJA--INFORMACIÓN GENERAL
campo de control de longitud fija 110126s1967 ag r 000 f spa d
040 ## - FUENTE DE LA CATALOGACIÓN
Centro catalogador/agencia de origen DO-SdBNP
Lengua de catalogación spa
Centro/agencia transcriptor BNPHU
082 ## - NÚMERO DE LA CLASIFICACIÓN DECIMAL DEWEY
Número de clasificación nnnn
Número de documento/Ítem B938b, 1967
049 ## - FONDOS LOCALES (OCLC)
Fondos de biblioteca BNGR
100 1# - ENTRADA PRINCIPAL--NOMBRE DE PERSONA
Nombre de persona Bullrich, Silvina,
Fechas asociadas al nombre 1915-1990
9 (RLIN) 50013
245 14 - MENCIÓN DE TÍTULO
Título Los burgueses /
Mención de responsabilidad, etc. Silvina Bullrich.
250 ## - MENCIÓN DE EDICIÓN
Mención de edición 10a ed.
260 ## - PUBLICACIÓN, DISTRIBUCIÓN, ETC.
Lugar de publicación, distribución, etc. Buenos Aires :
Nombre del editor, distribuidor, etc. Sudamericana,
Fecha de publicación, distribución, etc. 1967.
300 ## - DESCRIPCIÓN FÍSICA
Extensión 133 p. , ;
Dimensiones 18 cm.
490 1# - MENCIÓN DE SERIE
Mención de serie Novelistas latinoamericanos
830 #0 - PUNTO DE ACCESO ADICIONAL DE SERIE-TÍTULO UNIFORME
Título uniforme Novelistas latinoamericanos
9 (RLIN) 50014
Existencias
Estado de retiro Estado de pérdida Restricciones de uso No para préstamo Código de colección Localización permanente Ubicación/localización actual Ubicación en estantería Fecha de adquisición Número de inventario Total de préstamos Signatura topográfica completa Código de barras Fecha visto por última vez Precio válido a partir de Tipo de ítem Koha
    Préstamo interno   Monografías: Libros y Folletos General General En catalogación 26.01.2011 LF1   nnnn B938b, 1967 24388-10 25.06.2020 25.06.2020 Préstamo interno

Con tecnología Koha